{"text_format":"3","workbook":"xls","n_sheets":1,"sheets":["其他部分（项目签订合同）"],"not_rendered":{"external_links":1,"defined_names":1},"read":"whole","date_system":"1900","formulas":"cached_only"}

{"sheet":"其他部分（项目签订合同）","index":0,"n_rows":40,"n_cols":11,"rows_kept":40,"merged":[[0,0,0,10],[39,0,39,2]],"flags":["formulas_cached_only"]}
["凉山州第二民族中学建设项目看台劳务分包清单"]
["序号","项目名称","项目特征/工作内容","计量规则","单位","工程量","单价最高限价（元）","合计（元）","备注","合价（元）","备注"]
["一","看台工程\n（含地下消防水池）"]
[1,"基底清理","1.清理方式：人工\n2.清运土方、垃圾杂质、整平     ","按照图示尺寸计算","㎡",1211.16,5.5,null,null,6661.38]
[2,"垫层混凝土","1.包含模板安拆、混凝土的浇筑、振捣及养护；\n2.材料提供：混凝土采用商品砼，费用由甲方承担；其他周转材料、辅材及消耗性材料由乙方自采，费用包含在单价中。","按照图示尺寸计算","㎡",1146.3999999999999,5,null,null,{"v":5732,"d":"5732.00"}]
[3,"砖胎膜","1.包含材料场内倒运、垂直运输、砂浆拌制、砌体砌筑、抹灰（砂浆强度、砌体厚度、抹灰厚度等已综合考虑）；\n2.材料提供：主材砖、砂、水泥由甲方提供，费用由甲方承担；其他辅材及消耗性材料由乙方自采，费用包含在单价中。","按照图示尺寸计算","m³",35.94,380,null,null,{"v":13657.2,"d":"13657.20"}]
[4,"防水卷材铺贴","1.包含底层清理、涂刷水泥浆、粘黏剂、防水卷材铺贴、压实、抹平及养护；\n2.材料提供：主材卷材及粘黏剂（胶水）由甲方提供，费用由甲方承担；其他辅材及消耗性材料由乙方自采，费用包含在单价中。","按照图示尺寸计算","㎡",6188.46,9.5,null,null,58790.37]
[5,"防水保护层","1.包含混凝土的浇筑（摊平）、收面及养护；\n2、材料提供：混凝土采用商品砼，混凝土采用商品砼，费用由甲方承担；其他周转材料、辅材及消耗性材料由乙方自采，费用包含在单价中。","按照图示尺寸计算","㎡",1200.12,5.6,null,null,6720.67]
[6,"防潮层","1.包含墙身清理、材料倒运、砂浆拌制、压实、抹平养护；\n2.材料提供：主材水泥、砂、防水剂由甲方提供，费用由甲方承担；其他辅材及消耗性材料由乙方自采，费用包含在单价中。","按照图示尺寸计算","㎡",1200.12,15,null,null,{"v":18001.8,"d":"18001.80"}]
[7,"止水钢板","1.包含止水钢板焊接及安装加固；\n2.材料提供：主材止水钢板由甲方提供，费用由甲方承担；其他辅材及消耗性材料由乙方自采，费用包含在单价中。","按照图示尺寸计算","m",194.5,14,null,null,{"v":2723,"d":"2723.00"}]
[8,"钢筋制安","1.包含钢筋制作、加工及安装（钢筋连接方式、钢筋的类型及级别已综合考虑）；                    \n2.材料提供：主材钢筋由甲方供应，费用由甲方承担；其他辅材及消耗性材料由乙方自采，费用包含在单价中；\n3.钢筋的垂直运输费用已包含在单价中。          ","按照图示尺寸计算净量","t",293.678,1500,null,null,{"v":440517,"d":"440517.00"}]
[9,"混凝土浇筑","1.包含浇筑面的清理、混凝土浇筑、振捣、养护、收面等； \n2.材料提供：混凝土采用商品砼，费用由甲方承担；其他周转材料、辅材及消耗性材料由乙方自采，费用包含在单价中。\n3.混凝土不分部位、不分标号（除垫层混凝土）、不分施工工艺，均在价格中综合考虑。","按照图示尺寸计算","m³",2511.5,50,null,null,{"v":125575,"d":"125575.00"}]
[10,"模板制安","1.包含模板及支撑的加工制作、安装、拆除、清理、整理堆放、涂刷隔离剂等；\n2.材料提供：模板、支撑所用材料（包括辅材及消耗性材料）均由乙方自采，费用包含在单价中。\n3.模板垂直运输费用已包含在单价中。","按照与混凝土接触面积计算","㎡",10896.81,81,null,null,882641.61]
[11,"脚手架工程","1.包含满堂脚手架、外脚手架等所有可能涉及到的脚手架工程；\n2.材料提供：脚手架管、扣件、顶托、支撑等所有材料（包含辅材及消耗性材料）均由乙方自采，费用包含在单价中；\n3.脚手架的搭拆、材料的装车卸货、倒运、垂直运输已包含在单价中。","满堂脚手架按照水平投影面积计算，外架手架按照垂直投影面积计算。","㎡",2195.1499999999996,38,null,null,{"v":83415.7,"d":"83415.70"}]
[12,"钢筋场地面硬化","采用自拌混凝土硬化，价格中包含路基基础处理、混凝土拌制、浇筑及养护、分缝等所需的人工费、材料费、机械费、模板及小型工器具、现场管理费、利润、税金等所有费用。水泥用量不得低于350kg/m³。","按照甲方要求硬化范围，以实际收方计算","m³",67.5,380,null,null,{"v":25650,"d":"25650.00"}]
[13,"发电机","TFW-400KV","按照现场实际计算","台班",30,2600,null,null,{"v":78000,"d":"78000.00"}]
[14,"止水丝杆","丝杆长度50公分，工作内容：400抹面厚墙，6000mm高墙体，竖向9道，横向间距500mm。","按照现场实际计算","根",3500,5,null,null,{"v":17500,"d":"17500.00"}]
[15,"基坑临边围护","建筑区域内基坑临边维护（含材料租赁、安全网搭设）","按照现场实际计算","m",236,18,null,null,{"v":4248,"d":"4248.00"}]
["二","11#体育馆"]
[1,"基底清理","1.清理方式：人工\n2.清运土方、垃圾杂质、整平     ","按照图示尺寸计算","㎡",2602.17,5.5,null,null,14311.94]
[2,"垫层混凝土","1.包含模板安拆、混凝土的浇筑、振捣及养护；\n2.材料提供：混凝土采用商品砼，费用由甲方承担；其他周转材料、辅材及消耗性材料由乙方自采，费用包含在单价中。","按照图示尺寸计算","㎡",264.23,5,null,null,1321.15]
[3,"砖胎膜","1.包含材料场内倒运、垂直运输、砂浆拌制、砌体砌筑、抹灰（砂浆强度、砌体厚度、抹灰厚度等已综合考虑）；\n2.材料提供：主材砖、砂、水泥由甲方提供，费用由甲方承担；其他辅材及消耗性材料由乙方自采，费用包含在单价中。","按照图示尺寸计算","m³",29.89,380,null,null,{"v":11358.2,"d":"11358.20"}]
[4,"防水卷材铺贴","1.包含底层清理、涂刷水泥浆、粘黏剂、防水卷材铺贴、压实、抹平及养护；\n2.材料提供：主材卷材及粘黏剂（胶水）由甲方提供，费用由甲方承担；其他辅材及消耗性材料由乙方自采，费用包含在单价中。","按照图示尺寸计算","㎡",3291.27,9.5,null,null,31267.07]
[5,"防水保护层","1.包含混凝土的浇筑（摊平）、收面及养护；\n2、材料提供：混凝土采用商品砼，混凝土采用商品砼，费用由甲方承担；其他周转材料、辅材及消耗性材料由乙方自采，费用包含在单价中。","按照图示尺寸计算","㎡",3291.27,5.6,null,null,18431.11]
[6,"防潮层","1.包含墙身清理、材料倒运、砂浆拌制、压实、抹平养护；\n2.材料提供：主材水泥、砂、防水剂由甲方提供，费用由甲方承担；其他辅材及消耗性材料由乙方自采，费用包含在单价中。","按照图示尺寸计算","㎡",0,15,null,null,{"v":0,"d":"0.00"}]
[7,"止水钢板","1.包含止水钢板焊接及安装加固；\n2.材料提供：主材止水钢板由甲方提供，费用由甲方承担；其他辅材及消耗性材料由乙方自采，费用包含在单价中。","按照图示尺寸计算","m",386.2,14,null,null,{"v":5406.8,"d":"5406.80"}]
[8,"钢筋制安\n（±0.00以下）","1.包含钢筋制作、加工及安装（钢筋连接方式、钢筋的类型及级别已综合考虑）；                    \n2.材料提供：主材钢筋由甲方供应，费用由甲方承担；其他辅材及消耗性材料由乙方自采，费用包含在单价中；\n3.钢筋的垂直运输费用已包含在单价中。          ","按照图示尺寸计算净量","t",279.88,1500,null,null,{"v":419820,"d":"419820.00"}]
[9,"钢筋制安\n（±0.00以上）","1.包含钢筋制作、加工及安装（钢筋连接方式、钢筋的类型及级别已综合考虑）；                    \n2.材料提供：主材钢筋由甲方供应，费用由甲方承担；其他辅材及消耗性材料由乙方自采，费用包含在单价中；\n3.钢筋的垂直运输费用已包含在单价中。          ","按照图示尺寸计算净量","t",173.358,1600,null,null,{"v":277372.8,"d":"277372.80"}]
[10,"混泥土浇筑\n（±0.00以下）","1.包含浇筑面的清理、混凝土浇筑、振捣、养护、收面等； \n2.材料提供：混凝土采用商品砼，费用由甲方承担；其他周转材料、辅材及消耗性材料由乙方自采，费用包含在单价中。\n3.混凝土不分部位、不分标号（除垫层混凝土）、不分施工工艺，均在价格中综合考虑。","按照图示尺寸计算","m³",2605.15,54,null,null,{"v":140678.1,"d":"140678.10"}]
[11,"混泥土浇筑\n（±0.00以上）","1.包含浇筑面的清理、混凝土浇筑、振捣、养护、收面等； \n2.材料提供：混凝土采用商品砼，费用由甲方承担；其他周转材料、辅材及消耗性材料由乙方自采，费用包含在单价中。\n3.混凝土不分部位、不分标号（除垫层混凝土）、不分施工工艺，均在价格中综合考虑。","按照图示尺寸计算","m³",807.66,80,null,null,{"v":64612.8,"d":"64612.80"}]
[12,"模板制安\n（±0.00以下）","1.包含模板及支撑的加工制作、安装、拆除、清理、整理堆放、涂刷隔离剂等；\n2.材料提供：模板、支撑所用材料（包括辅材及消耗性材料）均由乙方自采，费用包含在单价中。\n3.模板垂直运输费用已包含在单价中。","按照与混凝土接触面积计算","㎡",5107.5,104,null,null,{"v":531180,"d":"531180.00"}]
[13,"模板制安\n（±0.00以上）","1.包含模板及支撑的加工制作、安装、拆除、清理、整理堆放、涂刷隔离剂等；\n2.材料提供：模板、支撑所用材料（包括辅材及消耗性材料）均由乙方自采，费用包含在单价中。\n3.模板垂直运输费用已包含在单价中。","按照与混凝土接触面积计算","㎡",5265.93,115,null,null,605581.95]
[14,"脚手架工程（外架）","1.包含满堂脚手架、外脚手架等所有可能涉及到的脚手架工程；\n2.材料提供：脚手架管、扣件、顶托、支撑等所有材料（包含辅材及消耗性材料）均由乙方自采，费用包含在单价中；\n3.脚手架的搭拆、材料的装车卸货、倒运、垂直运输、立架之日起4.5个月内租金（包括但不限于4.5个月以外的租金）已包含在单价中。","计量方式：外架以两排架为一个单元计量，满堂脚手架按照水平投影面积计算，外架手架按照垂直投影面积计算。","㎡",3365.3,70,null,null,{"v":235571,"d":"235571.00"}]
[15,"脚手架工程（内架）","1.包含满堂脚手架、内脚手架等所有可能涉及到的脚手架工程；\n2.材料提供：脚手架管、扣件、顶托、支撑等所有材料（包含辅材及消耗性材料）均由乙方自采，费用包含在单价中；\n3.脚手架的搭拆、材料的装车卸货、倒运、垂直运输、立架之日起4.5个月内租金（包括但不限于4.5个月以外的租金）已包含在单价中。","计量方式：内架以两排架为一个单元计量，满堂脚手架按照水平投影面积计算，外架手架按照垂直投影面积计算。","㎡",2305.48,70,null,null,{"v":161383.6,"d":"161383.60"}]
[16,"钢筋场地面硬化","采用自拌混凝土硬化，价格中包含路基基础处理、混凝土拌制、浇筑及养护、分缝等所需的人工费、材料费、机械费、模板及小型工器具、现场管理费、利润、税金等所有费用。水泥用量不得低于350kg/m³。","按照甲方要求硬化范围，以实际收方计算","m³",0,380,null,null,{"v":0,"d":"0.00"}]
[17,"      空心砖墙","1.墙体类型:内隔墙\r\n2.墙体厚度:200mm\r\n3.空心砖品种、规格、强度等级:MU5页岩空心砖、\r\n4.砂浆强度等级:M5混合砂浆","按照图示尺寸计算","m³",554.8,390,null,null,{"v":216372,"d":"216372.00"}]
[18,"内外墙面抹灰","M10#厚普通砂浆抹灰（含铁丝网加固）","按照图示尺寸计算","㎡",4331.85,40,null,null,{"v":173274,"d":"173274.00"}]
[19,"水泥豆石地面",null,"按照图示尺寸计算","㎡",8.82,15,null,null,{"v":132.3,"d":"132.30"}]
[20,"基坑临边围护","建筑区域内基坑临边维护（含材料租赁、安全网搭设）","按照现场实际计算","m",244,18,null,null,{"v":4392,"d":"4392.00"}]
["合   计",{"$nulls":8},{"v":4677908.549999999,"d":"4677908.55"}]